| 000 | 00472nam a2200193Ia 4500 | ||
|---|---|---|---|
| 005 | 20250423095249.0 | ||
| 008 | 250422s9999 xx 000 0 und d | ||
| 020 | _a9780135013533 | ||
| 050 | _aT 58 .6 .L3753/ | ||
| 100 | _aLaudon, Kenneth C. | ||
| 245 | 0 | _aEssential of management information systems | |
| 250 | _a8th ed. | ||
| 260 | _aNew Jersey | ||
| 260 | _bPearson Prentice Hall | ||
| 260 | _c2009 | ||
| 300 | _a441 p | ||
| 650 | _aManagement | ||
| 942 | _cBK | ||
| 999 |
_c29741 _d29741 |
||